banner koha

Elephant grass genotypes for bioenergy production by direct biomass combustion (Registro n. 210492)

MARC details
000 -LÍDER
campo de controle de tamanho fixo 00978nas a2200337 4500
001 - NÚMERO DE CONTROLE
campo de controle BR2010005910
003 - IDENTIFICADOR DO NÚMERO DE CONTROLE
campo de controle BR-BrBNA
005 - DATA E HORÁRIO DA ÚLTIMA TRANSAÇÃO
campo de controle 20231205114803.0
007 - CAMPO FIXO DE DESCRIÇÃO FÍSICA--INFORMAÇÃO GERAL
campo de controle de tamanho fixo ta
008 - CAMPO DE DADOS FIXOS--INFORMAÇÃO GERAL
campo de controle de tamanho fixo 230509b bl.|||p| |||| 00| 00por d
040 ## - FONTE DA CATALOGAÇÃO
Instituição da catalogação original BR-BrBNA
Idioma da catalogação por
Instituição que transcreveu o registro Biblioteca Nacional de Agricultura
041 ## - CÓDIGO DE IDIOMA
Código do idioma do texto/trilha sonora ou título diferente (En)
072 ## - CÓDIGO DE CATEGORIA DE ASSUNTO
Código de Categoria de Assunto P06; F30
100 1# - ENTRADA PRINCIPAL--NOME PESSOAL
Nome pessoal Morais, R.F. de
100 1# - ENTRADA PRINCIPAL--NOME PESSOAL
Nome pessoal Souza, B.J. de
100 1# - ENTRADA PRINCIPAL--NOME PESSOAL
Nome pessoal Leite, J.M.
100 1# - ENTRADA PRINCIPAL--NOME PESSOAL
Nome pessoal Soares, L.H. de B.
100 1# - ENTRADA PRINCIPAL--NOME PESSOAL
Nome pessoal Alves, B.J.R.
100 1# - ENTRADA PRINCIPAL--NOME PESSOAL
Nome pessoal Boddey, R.M.
100 1# - ENTRADA PRINCIPAL--NOME PESSOAL
Nome pessoal Urquiaga, S.
245 1# - TÍTULO
Título Elephant grass genotypes for bioenergy production by direct biomass combustion
650 ## - ASSUNTO--TERMO TÓPICO
Cabeçalho tópico ou nome geográfico CAPIM ELEFANTE
650 ## - ASSUNTO--TERMO TÓPICO
Cabeçalho tópico ou nome geográfico GENÓTIPO
650 ## - ASSUNTO--TERMO TÓPICO
Cabeçalho tópico ou nome geográfico BIOENERGIA
650 ## - ASSUNTO--TERMO TÓPICO
Cabeçalho tópico ou nome geográfico LIGNINA
650 ## - ASSUNTO--TERMO TÓPICO
Cabeçalho tópico ou nome geográfico BIOMASSA
650 ## - ASSUNTO--TERMO TÓPICO
Cabeçalho tópico ou nome geográfico NITROGÊNIO
773 0# - ENTRADA ANALÍTICA
Título Pesquisa Agropecuária Brasileira (Brazil)
ISSN - International Standard Serial Number ISSN 0100-204X
Partes relacionadas (Feb 2009), v. 44(2) p. 133-140
Número de controle do registro BR2010005910
909 ## -
-- 202311
-- Lúcia
-- 55
-- Lúcia Elande
942 ## - ELEMENTOS DE ENTRADA ADICIONADOS (KOHA)
Fonte da classificação ou esquema de arquivamento na estante Classificação AGRIS
Ocultar no OPAC Não
Tipo de material Koha Analítica
Exemplares
Situação do descarte Fonte da classificação ou esquema de arquivamento na estante Situação física Não pode ser emprestado Biblioteca de origem Biblioteca atual Localização na estante Enumeração do periódico / cronologia Total de empréstimos Data de último acesso Número do exemplar Tipo de material Koha Fonte de aquisição
  Classificação AGRIS   Consulta local Biblioteca Nacional de Agricultura - Binagri Biblioteca Nacional de Agricultura - Binagri   (Feb 2009), v. 44(2) p. 133-140   29/11/2023 01 Periódicos Portaria Interministerial nº 164/94

BINAGRI

Telefone: (61)3218-2567/2388/3357/2097 - binagri@agro.gov.br

Ministério da Agricultura e Pecuária , Esplanada dos Ministérios, Bloco D, Anexo B, Brasília/DF, CEP: 70.043-900